000
00349nam a2200145Ia 4500
008
220923s9999 xx 000 0 und d
020
_a
9789-93-5143-000-1
082
_b
SHU
100
_a
SHUKLA, GIRJESH
245
0
_a
CRIMINOLOGY
260
_b
LEXIS NEXIS, GURGAON
_c
2013
300
_a
251
650
_a
Criminology and Penology
942
_c
BK
999
_c
195136
_d
195136